00665nam a2200241 a 4500001001300000003000900013005001700022008004100039020000800080082001500088100002600103245001800129260004700147300000900194500003500203505002700238650001100265700002600276902000800302942000700310952009300317999001300410nice12345678IN_TiNIC20260116011305.0050524s0000 laha grp 000 0 urd  ac100a297.4bBAK aBakhshi, S K Ziauddin aSilk-E-Sulook aLahorebAllah Waaley Ki Qawmi Dukaanc0000 a228p aincludes index and biblioraphy2 aPlus Some Other Tracts aSufism1 aBakhshi, S K Ziauddin bSRS cBK 00104070aHMIbHMId2007-08-09g1.00l0o297.4 BAKp04137r2007-08-09w2026-01-16yEB c205d205